000 00665nam a2200181Ia 4500
008 090630s9999 xx 000 0 und d
082 _b24596
100 _aमहाले रमेश.
245 _aविज्ञानाच्या दुनियेत.
_cमहाले रमेश.
260 _bमहाजन ब्रदर्स - पुणे.
300 _a0
600 _aमहाले रमेश.
630 _aविज्ञानाच्या दुनियेत.
655 _aइतर.
700 _aमहाले रमेश.
730 _aविज्ञानाच्या दुनियेत.
942 _cBOOK
999 _c276452
_d276452